[Event "Lloyds Bank Masters 18th"]
[Site "London"]
[Date "1994.08.24"]
[Round "5"]
[White "Jonsson, Hans"]
[Black "Ragozin, Evgeni"]
[Result "1/2-1/2"]
[WhiteElo "2390"]
[BlackElo "2510"]
[PlyCount "97"]
[EventDate "1994.08.20"]
[EventType "swiss"]
[EventRounds "10"]
[EventCountry "ENG"]
[SourceTitle "BritBase"]

1. e4 e5 2. Nf3 Nc6 3. Bb5 Nf6 4. O-O Nxe4 5. d4 Nd6 6. Bxc6 dxc6 7. dxe5 Nf5
8. Qxd8+ Kxd8 9. b3 h6 10. Rd1+ Ke8 11. Bb2 a5 12. Nc3 Bb4 13. a3 Bxc3 14. Bxc3
Be6 15. Rd2 Ne7 16. Rad1 Nd5 17. Bd4 b6 18. h3 c5 19. Bb2 Ne7 20. Ne1 Nc6 21.
Nd3 Ke7 22. Nf4 Rhd8 23. Rxd8 Nxd8 24. Nxe6 Nxe6 25. g3 h5 26. Kg2 a4 27. f4 g6
28. Kf3 axb3 29. cxb3 Ra5 30. Rd3 Rb5 31. Ba1 Ra5 32. Bb2 Ra8 33. Rd2 Ra5 34.
Rd3 b5 35. Bc1 b4 36. axb4 cxb4 37. Be3 Nc5 38. Bxc5+ Rxc5 39. Ke4 f5+ 40.
exf6+ Kxf6 41. g4 Ke6 42. Rd4 Rc3 43. Rxb4 Rxh3 44. gxh5 Rxh5 45. Rc4 Kd6 46.
Rc3 Rb5 47. Rd3+ Ke6 48. Rc3 Rb4+ 49. Kf3 1/2-1/2

[Event "Lloyds Bank Masters 18th"]
[Site "London"]
[Date "1994.08.24"]
[Round "5"]
[White "Kataev, Simcho"]
[Black "Trifunovic, Aleksandar"]
[Result "1-0"]
[WhiteElo "2385"]
[BlackElo "2225"]
[PlyCount "81"]
[EventDate "1994.08.20"]
[EventType "swiss"]
[EventRounds "10"]
[EventCountry "ENG"]
[SourceTitle "BritBase"]

1. d4 Nf6 2. Nf3 g6 3. Bg5 Bg7 4. e3 O-O 5. Be2 d6 6. O-O Nbd7 7. c4 e5 8. Nc3
h6 9. Bh4 g5 10. Bg3 Nh5 11. Ne1 Nxg3 12. hxg3 f5 13. dxe5 Nxe5 14. Nf3 c6 15.
Qb3 Qe7 16. Rad1 Nxf3+ 17. gxf3 Be6 18. Kg2 Rfd8 19. Qc2 Qf7 20. b3 a6 21. Bd3
b5 22. Ne2 bxc4 23. Bxc4 Bxc4 24. bxc4 Rab8 25. Nd4 Bxd4 26. Rxd4 Qe6 27. Rfd1
d5 28. cxd5 Rxd5 29. Rxd5 cxd5 30. Qc5 Rd8 31. Rd4 g4 32. Qc7 gxf3+ 33. Kxf3
Rc8 34. Qb7 Rd8 35. Kg2 Kh8 36. a4 Qd6 37. Qf7 Qe5 38. Rh4 Rd6 39. Rb4 Rd8 40.
Rb7 Qe4+ 41. Kg1 1-0

[Event "Lloyds Bank Masters 18th"]
[Site "London"]
[Date "1994.08.24"]
[Round "5"]
[White "King, Daniel J"]
[Black "Duncan, Christopher R"]
[Result "1-0"]
[WhiteElo "2495"]
[BlackElo "2300"]
[PlyCount "73"]
[EventDate "1994.08.20"]
[EventType "swiss"]
[EventRounds "10"]
[EventCountry "ENG"]
[SourceTitle "BritBase"]

1. c4 e5 2. g3 Nf6 3. Bg2 g6 4. Nf3 Nc6 5. d4 exd4 6. Nxd4 Bg7 7. Nxc6 bxc6 8.
Nc3 O-O 9. O-O Qe7 10. Qc2 Qb4 11. b3 d5 12. cxd5 Bf5 13. Qd2 cxd5 14. Bb2 Ne4
15. Bxe4 dxe4 16. Rfd1 Be6 17. Na4 Qxd2 18. Rxd2 Bxb2 19. Rxb2 Rfd8 20. Kf1 c6
21. Ke1 Kf8 22. Rc1 Rd6 23. Rd2 Rad8 24. Rxd6 Rxd6 25. Nc5 Bd5 26. Rd1 Ke7 27.
Rd4 f5 28. Ra4 Kf6 29. Rxa7 h5 30. a4 g5 31. Rd7 Rxd7 32. Nxd7+ Ke7 33. Nc5 Kd6
34. b4 f4 35. e3 fxg3 36. fxg3 Kc7 37. Kd2 1-0

[Event "Lloyds Bank Masters 18th"]
[Site "London"]
[Date "1994.08.24"]
[Round "5"]
[White "Kitchlew, Andrew"]
[Black "Turner, Matthew"]
[Result "0-1"]
[WhiteElo "2040"]
[BlackElo "2395"]
[PlyCount "108"]
[EventDate "1994.08.20"]
[EventType "swiss"]
[EventRounds "10"]
[EventCountry "ENG"]
[SourceTitle "BritBase"]

1. e4 c5 2. d3 Nc6 3. Nc3 g6 4. Be3 d6 5. Qd2 Nf6 6. Be2 Nd4 7. Bd1 e5 8. Nce2
Ng4 9. Bg5 f6 10. Bh4 Bh6 11. Qc3 Be6 12. Nxd4 cxd4 13. Qb4 Bg7 14. Qxb7 O-O
15. Bxg4 Bxg4 16. Qd5+ Rf7 17. f3 Bd7 18. Ne2 Qc8 19. Qc4 Qe8 20. Qb4 Rb8 21.
Qa3 d5 22. exd5 Bf8 23. d6 Qe6 24. b3 Bxd6 25. Qb2 Bb4+ 26. Kf1 Rc8 27. Be1 Bf8
28. Bd2 Qa6 29. a4 Bf5 30. Kf2 Rc6 31. g4 Be6 32. h4 Qc8 33. Ra2 f5 34. g5 Bg7
35. f4 e4 36. Nxd4 exd3 37. c3 Bxd4+ 38. cxd4 Rb7 39. Rc1 Rxb3 40. Rxc6 Qxc6
41. Qa1 Bd5 42. Qe1 Rb8 43. Ra3 Re8 44. Qd1 Re2+ 45. Kg3 Bf7 46. Qf1 Rxd2 47.
Rxd3 Qc4 48. Rf3 Qxf1 49. Rxf1 Rd3+ 50. Rf3 Rxf3+ 51. Kxf3 Bd5+ 52. Ke3 a5 53.
Kd3 Kf7 54. Kc3 Ke6 0-1

[Event "Lloyds Bank Masters 18th"]
[Site "London"]
[Date "1994.08.24"]
[Round "5"]
[White "Kogan, Artur"]
[Black "Griffiths, Paul V"]
[Result "1-0"]
[WhiteElo "2470"]
[BlackElo "2245"]
[PlyCount "123"]
[EventDate "1994.08.20"]
[EventType "swiss"]
[EventRounds "10"]
[EventCountry "ENG"]
[SourceTitle "BritBase"]

1. e4 e5 2. Nf3 Nc6 3. Bc4 Nf6 4. d3 Be7 5. O-O O-O 6. Re1 d6 7. a3 a6 8. Nbd2
b5 9. Ba2 Re8 10. Nf1 Bf8 11. Bg5 g6 12. Ne3 Bg7 13. Bd5 Qd7 14. c4 Rb8 15.
cxb5 axb5 16. Rc1 Nd8 17. Qc2 c5 18. b4 cxb4 19. axb4 h6 20. Bxf6 Bxf6 21. Qc7
Qxc7 22. Rxc7 Ne6 23. Ra7 Re7 24. Rea1 Rxa7 25. Rxa7 Bd8 26. Bc6 Bb6 27. Re7
Nc7 28. Nd5 Kf8 29. Rxc7 Bxc7 30. Nxc7 Bg4 31. Nxb5 Rc8 32. Nxd6 Rxc6 33. Nc4
Ra6 34. Kf1 f6 35. b5 Ra2 36. b6 Bd7 37. Nfd2 Bc6 38. Nb3 Ke7 39. Nca5 Kd6 40.
b7 Bxb7 41. Nxb7+ Ke6 42. g3 Rb2 43. N7a5 Rc2 44. Nc4 Ra2 45. Kg2 Ke7 46. Kf3
Ke6 47. Ke3 Rc2 48. h4 Ra2 49. Nbd2 Ra1 50. f4 exf4+ 51. gxf4 g5 52. f5+ Ke7
53. hxg5 hxg5 54. d4 Rh1 55. Kf3 Rh3+ 56. Kg4 Rd3 57. Nf3 Re3 58. Ncd2 Re2 59.
Kg3 Kf7 60. e5 fxe5 61. dxe5 Ke7 62. f6+ 1-0

[Event "Lloyds Bank Masters 18th"]
[Site "London"]
[Date "1994.08.24"]
[Round "5"]
[White "Lejlic, Samir"]
[Black "Emms, John M"]
[Result "1-0"]
[WhiteElo "2420"]
[BlackElo "2535"]
[PlyCount "135"]
[EventDate "1994.08.20"]
[EventType "swiss"]
[EventRounds "10"]
[EventCountry "ENG"]
[SourceTitle "BritBase"]

1. e4 c5 2. Nf3 e6 3. d4 cxd4 4. Nxd4 a6 5. Nd2 d6 6. a4 Nf6 7. Bd3 g6 8. b3
Nbd7 9. O-O Qc7 10. Ra2 b6 11. Ba3 Bb7 12. Re1 Be7 13. c4 O-O 14. Bb1 Rfe8 15.
Nf1 Bf8 16. f3 Bg7 17. Rc2 Rad8 18. Kh1 Qb8 19. Rce2 Nc5 20. Ba2 Ba8 21. Bc1
Ncd7 22. Bg5 Rc8 23. Bh4 Nh5 24. Ne3 Nhf6 25. Bg3 Ne5 26. h3 h5 27. Rd2 Qc7 28.
Ne2 Red8 29. Bh4 Rd7 30. Nc3 Nh7 31. Ne2 Bf6 32. Bxf6 Nxf6 33. Bb1 Rcd8 34. f4
Nc6 35. Nc3 Nb4 36. Qf3 d5 37. exd5 exd5 38. Ncxd5 Nfxd5 39. cxd5 Nxd5 40. Nxd5
Bxd5 41. Qg3 Kg7 42. Kh2 h4 43. Qxh4 Bxb3 44. Rxd7 Qxd7 45. Bxg6 Rh8 46. Qg3
fxg6 47. Qxb3 Rf8 48. Re4 Qd6 49. Qc3+ Kh7 50. Rd4 Qf6 51. Rd7+ Kh6 52. Qxf6
Rxf6 53. Kg3 g5 54. fxg5+ Kxg5 55. Rd5+ Kg6 56. h4 Rc6 57. h5+ Kg7 58. Kh3 Rc7
59. Rd6 Rb7 60. a5 bxa5 61. Rxa6 Rb5 62. g4 Kh7 63. Kh4 Rc5 64. Ra7+ Kg8 65. h6
Rb5 66. g5 Rc5 67. Kh5 Rc6 68. h7+ 1-0

[Event "Lloyds Bank Masters 18th"]
[Site "London"]
[Date "1994.08.24"]
[Round "5"]
[White "Levitt, Jonathan"]
[Black "Gurevich, Dmitry"]
[Result "1/2-1/2"]
[WhiteElo "2425"]
[BlackElo "2535"]
[PlyCount "81"]
[EventDate "1994.08.20"]
[EventType "swiss"]
[EventRounds "10"]
[EventCountry "ENG"]
[SourceTitle "BritBase"]

1. d4 d5 2. c4 c6 3. cxd5 cxd5 4. Bf4 Nc6 5. Nc3 Nf6 6. e3 a6 7. Bd3 Bg4 8.
Nge2 e6 9. O-O Be7 10. Rc1 O-O 11. Na4 Nd7 12. a3 Bh5 13. Bg3 Rc8 14. b4 Bg6
15. Nf4 Bxd3 16. Nxd3 Nb6 17. Ndc5 Bxc5 18. bxc5 Nxa4 19. Qxa4 f6 20. Rb1 Rf7
21. Rb6 e5 22. Rfb1 Rcc7 23. h3 Qd7 24. Qd1 Qe6 25. R1b2 Rfd7 26. Kh2 g6 27. f4
Qe7 28. fxe5 fxe5 29. Qg4 Kg7 30. Kh1 h5 31. Qd1 Qg5 32. Bh2 Rf7 33. dxe5 Rce7
34. Bf4 Qf5 35. Qb1 Qxb1+ 36. Rxb1 d4 37. h4 dxe3 38. Bxe3 Rxe5 39. Rxc6 Rxe3
40. Rcb6 Rxa3 41. Rxb7 1/2-1/2

[Event "Lloyds Bank Masters 18th"]
[Site "London"]
[Date "1994.08.24"]
[Round "5"]
[White "Lewis, Andrew P"]
[Black "Lau, Ralf"]
[Result "1-0"]
[WhiteElo "2300"]
[BlackElo "2515"]
[PlyCount "67"]
[EventDate "1994.08.20"]
[EventType "swiss"]
[EventRounds "10"]
[EventCountry "ENG"]
[SourceTitle "BritBase"]

1. c4 e6 2. Nc3 d5 3. d4 c6 4. Nf3 Nf6 5. Bg5 dxc4 6. e4 b5 7. e5 h6 8. Bh4 g5
9. exf6 gxh4 10. Ne5 Qxf6 11. a4 a6 12. g3 Bb7 13. Bg2 Bg7 14. axb5 axb5 15.
Rxa8 Bxa8 16. Qa1 O-O 17. Qxa8 c5 18. Nxb5 cxd4 19. Nxc4 Qg5 20. Nba3 Nd7 21.
f4 Qe7 22. Qc6 Rb8 23. O-O hxg3 24. hxg3 Nc5 25. Nb5 Na4 26. Ra1 Qb4 27. Nbd6
Nxb2 28. Ne5 d3 29. Qd7 Qd4+ 30. Kh2 Rf8 31. Ra8 Rxa8 32. Qxf7+ Kh8 33. Bxa8
Qxd6 34. Qe8+ 1-0

[Event "Lloyds Bank Masters 18th"]
[Site "London"]
[Date "1994.08.24"]
[Round "5"]
[White "Marusenko, Petr"]
[Black "Aseev, Konstantin N"]
[Result "0-1"]
[WhiteElo "2235"]
[BlackElo "2540"]
[PlyCount "80"]
[EventDate "1994.08.20"]
[EventType "swiss"]
[EventRounds "10"]
[EventCountry "ENG"]
[SourceTitle "BritBase"]

1. e4 c5 2. Nf3 d6 3. d4 cxd4 4. Nxd4 Nf6 5. Nc3 Nc6 6. Bc4 e6 7. Bb3 a6 8. Be3
Qc7 9. f4 Be7 10. Qf3 Nxd4 11. Bxd4 O-O 12. f5 b5 13. a3 Rb8 14. g4 b4 15. g5
Ne8 16. axb4 Bxg5 17. Bxg7 Nxg7 18. f6 Rxb4 19. h4 Bh6 20. Rg1 Kh8 21. fxg7+
Bxg7 22. O-O-O Be5 23. Kb1 Qe7 24. Rg4 Bd7 25. Rdg1 Rbb8 26. Rg5 Rg8 27. Qg4
Rxg5 28. hxg5 Rg8 29. Ne2 Bc6 30. Qh4 a5 31. c3 a4 32. Bc2 Qb7 33. Rh1 Rg7 34.
Nd4 Qb6 35. g6 fxg6 36. Nxe6 Bxc3 37. b3 axb3 38. Bd3 Qa5 39. Kc1 Qa1+ 40. Bb1
Qb2+ 0-1

[Event "Lloyds Bank Masters 18th"]
[Site "London"]
[Date "1994.08.24"]
[Round "5"]
[White "McMichael, Richard"]
[Black "Chandler, Murray G"]
[Result "0-1"]
[WhiteElo "2305"]
[BlackElo "2545"]
[PlyCount "84"]
[EventDate "1994.08.20"]
[EventType "swiss"]
[EventRounds "10"]
[EventCountry "ENG"]
[SourceTitle "BritBase"]

1. b3 e5 2. Bb2 Nc6 3. e3 d5 4. Bb5 Bd6 5. f4 Qh4+ 6. g3 Qe7 7. Nf3 f6 8. Nc3
Be6 9. O-O Nh6 10. fxe5 fxe5 11. Nh4 O-O-O 12. Bxc6 bxc6 13. Qe2 Bh3 14. Qa6+
Kd7 15. Ng2 Rhf8 16. Na4 Rxf1+ 17. Rxf1 Rf8 18. e4 Rxf1+ 19. Qxf1 dxe4 20. Qc4
Qg5 21. Ne3 Qh5 22. Nc3 Nf5 23. Qxe4 Nxe3 24. dxe3 Qf7 25. Qd3 Kc8 26. Qe2 Bc5
27. Nd1 Qd5 28. Bc1 Bb6 29. Nc3 Qf7 30. Na4 e4 31. c4 Qf8 32. a3 Bc5 33. b4 Be7
34. Bb2 c5 35. b5 Bg5 36. Bc1 Qf6 37. Nxc5 Qc3 38. Bd2 Qa1+ 39. Be1 Qxa3 40.
Nxe4 Bxe3+ 41. Kh1 Kb8 42. Nc3 Qf8 0-1

[Event "Lloyds Bank Masters 18th"]
[Site "London"]
[Date "1994.08.24"]
[Round "5"]
[White "Mestel, A Jonathan"]
[Black "Kinsman, Andrew PH"]
[Result "1-0"]
[WhiteElo "2520"]
[BlackElo "2375"]
[PlyCount "45"]
[EventDate "1994.08.20"]
[EventType "swiss"]
[EventRounds "10"]
[EventCountry "ENG"]
[SourceTitle "BritBase"]

1. c4 Nf6 2. g3 d5 3. cxd5 Nxd5 4. Bg2 e6 5. Nf3 Be7 6. d4 O-O 7. O-O c5 8. a3
Nc6 9. dxc5 Bxc5 10. b4 Be7 11. Bb2 Bf6 12. Qb3 Bd7 13. Rd1 Bxb2 14. Qxb2 Qf6
15. Qxf6 Nxf6 16. Nc3 Rac8 17. Nb5 Rfd8 18. Nd6 Rb8 19. b5 Na5 20. Ne5 Be8 21.
Rac1 Kf8 22. f4 Nd7 23. Ndxf7 1-0

[Event "Lloyds Bank Masters 18th"]
[Site "London"]
[Date "1994.08.24"]
[Round "5"]
[White "Norwood, David"]
[Black "Naylor, John"]
[Result "1-0"]
[WhiteElo "2545"]
[BlackElo "2235"]
[PlyCount "38"]
[EventDate "1994.08.20"]
[EventType "swiss"]
[EventRounds "10"]
[EventCountry "ENG"]
[SourceTitle "BritBase"]

1. g3 Nf6 2. Bg2 e6 3. e4 d5 4. e5 Nfd7 5. f4 c5 6. Nf3 Nc6 7. O-O Be7 8. d3
Qb6 9. c3 O-O 10. Qe2 a5 11. a4 Re8 12. g4 f6 13. exf6 Nxf6 14. g5 c4+ 15. d4
Ne4 16. Nh4 Nd6 17. f5 exf5 18. Bxd5+ Kh8 19. Qh5 Qxd4+ 1-0

[Event "Lloyds Bank Masters 18th"]
[Site "London"]
[Date "1994.08.24"]
[Round "5"]
[White "Pritchett, Craig William"]
[Black "Dunworth, Chris"]
[Result "0-1"]
[WhiteElo "2360"]
[BlackElo "2220"]
[PlyCount "104"]
[EventDate "1994.08.20"]
[EventType "swiss"]
[EventRounds "10"]
[EventCountry "ENG"]
[SourceTitle "BritBase"]

1. Nf3 d6 2. d4 Bg4 3. e4 Nf6 4. Nbd2 e6 5. Bd3 Be7 6. O-O c6 7. Re1 d5 8. e5
Nfd7 9. c3 c5 10. h3 Bh5 11. c4 Nc6 12. cxd5 exd5 13. g4 Bg6 14. Bf5 O-O 15.
Nf1 cxd4 16. Ng3 Re8 17. Bf4 Nc5 18. Nxd4 Nxd4 19. Qxd4 Ne6 20. Bxe6 fxe6 21.
Rec1 Rf8 22. Be3 Bh4 23. Nf1 Rf3 24. Nd2 Rf7 25. Rc3 h6 26. Rac1 Qd7 27. f4 Bd8
28. Nb3 Bb6 29. Qd2 Raf8 30. Bxb6 axb6 31. Rf1 Be4 32. Nd4 g6 33. Kh2 Kh7 34.
a4 g5 35. Nb5 gxf4 36. Nd6 f3 37. Qd4 f2 38. Nxf7 Qxf7 39. Kg3 Qf4+ 40. Kh4
Qg5+ 41. Kg3 Qf4+ 42. Kh4 Kg6 43. Qxb6 Qg5+ 44. Kg3 Qxe5+ 45. Kh4 Qf6+ 46. Kg3
h5 47. gxh5+ Kxh5 48. Kh2 Qe5+ 49. Rg3 Rf3 50. Qxf2 Rxf2+ 51. Rxf2 d4 52. a5
Kh4 0-1

[Event "Lloyds Bank Masters 18th"]
[Site "London"]
[Date "1994.08.24"]
[Round "5"]
[White "Quinn, Mark"]
[Black "Macdonald-Ross, Michael"]
[Result "1-0"]
[WhiteElo "2305"]
[BlackElo "2195"]
[PlyCount "119"]
[EventDate "1994.08.20"]
[EventType "swiss"]
[EventRounds "10"]
[EventCountry "ENG"]
[SourceTitle "BritBase"]

1. c4 d6 2. g3 e5 3. Nc3 g6 4. d3 Bg7 5. Bg2 Nc6 6. e4 Nd4 7. Be3 Ne7 8. Qd2 c6
9. Nce2 c5 10. Nc3 Be6 11. h4 h6 12. Nd5 Nxd5 13. exd5 Bg4 14. Bxd4 exd4 15.
Ne2 h5 16. O-O Bh6 17. Qc2 O-O 18. Kh2 Re8 19. Ng1 Qa5 20. Bh3 f5 21. Bg2 f4
22. Be4 g5 23. hxg5 Bxg5 24. Nh3 Bxh3 25. Kxh3 Qc7 26. Qe2 Qd7+ 27. Kg2 Qg4 28.
Qxg4 hxg4 29. gxf4 Bxf4 30. Rh1 Re7 31. Rh4 Rg7 32. Bf5 Re8 33. Rxg4 Re5 34.
Rxg7+ Kxg7 35. Be4 Rh5 36. Kf3 Bg5 37. Rg1 Kf6 38. Rb1 a5 39. a3 Rh8 40. Ke2 b6
41. b3 Rh2 42. Kf1 Rh8 43. Kg2 Ke5 44. Bf3 Kf6 45. Re1 Kf7 46. Re6 Rh6 47. Bg4
Bf4 48. Kf3 Bc1 49. a4 Rf6+ 50. Kg2 Bg5 51. Bh5+ Kg7 52. Kg3 Rxe6 53. dxe6 Kf6
54. Bg4 Ke5 55. Bh3 Bd8 56. f4+ Kf6 57. Kf3 d5 58. cxd5 Bc7 59. d6 Bxd6 60. Ke4
1-0

[Event "Lloyds Bank Masters 18th"]
[Site "London"]
[Date "1994.08.24"]
[Round "5"]
[White "Ravi, Thandalam S"]
[Black "Saunders, John C"]
[Result "1/2-1/2"]
[WhiteElo "2385"]
[BlackElo "2225"]
[PlyCount "81"]
[EventDate "1994.08.20"]
[EventType "swiss"]
[EventRounds "10"]
[EventCountry "ENG"]
[SourceTitle "BritBase"]

1. e4 c6 2. d4 d5 3. Nd2 dxe4 4. Nxe4 Nd7 5. Nf3 Ngf6 6. Nxf6+ Nxf6 7. Bc4 Bf5
8. O-O e6 9. Ne5 Nd7 10. Bf4 Nxe5 11. Bxe5 Bd6 12. Re1 O-O 13. c3 Bxe5 14. Rxe5
Qf6 15. f4 Rad8 16. Qf3 Rd6 17. a4 b6 18. b4 Qg6 19. a5 b5 20. Ba2 h5 21. Rae1
a6 22. h3 Rfd8 23. Kh2 h4 24. Qf2 Qf6 25. Bb3 g6 26. Bd1 Kg7 27. R1e3 Rh8 28.
Bg4 Bb1 29. Kg1 Rh6 30. Qb2 Bf5 31. Bf3 Qd8 32. Rc5 Qd7 33. Re1 f6 34. Qe2 Rh8
35. Bg4 Kf7 36. Bf3 Rc8 37. Qf2 Rh8 38. Re3 Rh7 39. Bg4 Rh8 40. Qe2 Rd5 41.
Bxf5 1/2-1/2

[Event "Lloyds Bank Masters 18th"]
[Site "London"]
[Date "1994.08.24"]
[Round "5"]
[White "Rowson, Jonathan"]
[Black "Gallagher, Joseph G"]
[Result "0-1"]
[WhiteElo "2305"]
[BlackElo "2470"]
[PlyCount "84"]
[EventDate "1994.08.20"]
[EventType "swiss"]
[EventRounds "10"]
[EventCountry "ENG"]
[SourceTitle "BritBase"]

1. e4 c5 2. Nf3 d6 3. d4 cxd4 4. Nxd4 Nf6 5. Nc3 a6 6. Be2 e5 7. Nb3 Be7 8. O-O
O-O 9. Re1 Be6 10. Bf1 Nbd7 11. a4 Rc8 12. Nd5 Bxd5 13. exd5 Nb6 14. g4 h6 15.
Bg2 Qc7 16. a5 Nbd7 17. Nd4 exd4 18. Rxe7 Rfe8 19. Rxe8+ Rxe8 20. Ra4 Nxg4 21.
Rxd4 Ngf6 22. Bd2 Nc5 23. f3 Qe7 24. c4 Ncd7 25. b3 Ne5 26. Bb4 Qc7 27. Qc2
Ned7 28. Rd1 b5 29. Rc1 bxc4 30. bxc4 Rb8 31. Be1 Ne5 32. Qc3 Rc8 33. Qd4 Qd7
34. Bg3 Qa4 35. f4 Ned7 36. Ra1 Qb4 37. h4 Nc5 38. Be1 Qb3 39. Qd1 Qe3+ 40. Bf2
Qxf4 41. Ra2 Nfe4 42. Bd4 Nc3 0-1

[Event "Lloyds Bank Masters 18th"]
[Site "London"]
[Date "1994.08.24"]
[Round "5"]
[White "Sakhatova, Elvira->Berend"]
[Black "McNab, Colin Anderson"]
[Result "0-1"]
[WhiteElo "2300"]
[BlackElo "2465"]
[PlyCount "80"]
[EventDate "1994.08.20"]
[EventType "swiss"]
[EventRounds "10"]
[EventCountry "ENG"]
[SourceTitle "BritBase"]

1. d4 d6 2. Nf3 g6 3. g3 Bg7 4. Bg2 Nd7 5. Nc3 c6 6. a4 Ngf6 7. O-O O-O 8. e4
e5 9. h3 Qc7 10. Re1 b6 11. Bg5 h6 12. Be3 Bb7 13. Nh2 Kh7 14. Qd2 Rad8 15.
Rad1 a6 16. dxe5 Nxe5 17. b3 d5 18. exd5 cxd5 19. Ne2 Ne4 20. Qb4 Qxc2 21. Qxb6
Rb8 22. Nd4 Qc8 23. Bf1 Nd7 24. Qa5 Qc5 25. Qxc5 Ndxc5 26. Nhf3 Ba8 27. Rb1
Rfe8 28. Rec1 Bf8 29. Bf4 Rb4 30. Kg2 Bg7 31. Be3 Ne6 32. Nc6 d4 33. Nxb4 dxe3
34. Kh2 Nc3 35. Nh4 Nxb1 36. Rxb1 Nd4 37. fxe3 Rxe3 38. Ng2 Nf3+ 39. Kh1 Nd2
40. Kg1 Rxg3 0-1

[Event "Lloyds Bank Masters 18th"]
[Site "London"]
[Date "1994.08.24"]
[Round "5"]
[White "Sareen, Vishal"]
[Black "Wells, Peter K"]
[Result "0-1"]
[WhiteElo "2310"]
[BlackElo "2490"]
[PlyCount "80"]
[EventDate "1994.08.20"]
[EventType "swiss"]
[EventRounds "10"]
[EventCountry "ENG"]
[SourceTitle "BritBase"]

1. e4 c5 2. Nf3 Nc6 3. d4 cxd4 4. Nxd4 Nf6 5. Nc3 d6 6. Be2 e5 7. Nf3 h6 8. O-O
Be7 9. Re1 O-O 10. h3 Be6 11. Bf1 Qa5 12. Bd2 Qd8 13. Bc1 Nb8 14. Nd5 Nxd5 15.
exd5 Bf5 16. c4 Nd7 17. a3 a5 18. b3 Nc5 19. Bd2 a4 20. b4 Nb3 21. Ra2 e4 22.
Nh2 Bh7 23. Be3 f5 24. f4 Rc8 25. Be2 Bh4 26. Rf1 Kh8 27. Rc2 Bg8 28. Kh1 Bg3
29. Rc3 Qh4 30. c5 Qf6 31. Rc2 Rfd8 32. c6 bxc6 33. dxc6 d5 34. Bb6 Rd6 35. Bb5
d4 36. Bc5 d3 37. Bxd6 dxc2 38. Qxc2 Qxd6 39. Bxa4 Nd4 40. Qd1 e3 0-1

[Event "Lloyds Bank Masters 18th"]
[Site "London"]
[Date "1994.08.24"]
[Round "5"]
[White "Sowray, Peter J"]
[Black "Rosenberg, Daniel"]
[Result "1-0"]
[WhiteElo "2335"]
[BlackElo "2205"]
[PlyCount "65"]
[EventDate "1994.08.20"]
[EventType "swiss"]
[EventRounds "10"]
[EventCountry "ENG"]
[SourceTitle "BritBase"]

1. c4 Nf6 2. Nc3 g6 3. g3 Bg7 4. Bg2 O-O 5. d3 Nc6 6. e3 e5 7. Nge2 d6 8. O-O
Be6 9. Nd5 Qd7 10. Nec3 Bh3 11. Nxf6+ Bxf6 12. Nd5 Bd8 13. Qa4 Bxg2 14. Kxg2
Nb8 15. Qxd7 Nxd7 16. b4 f5 17. Bb2 e4 18. dxe4 fxe4 19. Rfd1 Nb6 20. Rac1 c6
21. Nf4 Re8 22. h4 Bc7 23. h5 g5 24. Ne2 Nd7 25. Nc3 Rad8 26. Rc2 Bb8 27. Rcd2
h6 28. c5 d5 29. Nxd5 Kf7 30. Nf6 Nxf6 31. Rxd8 Nxh5 32. Rxe8 Kxe8 33. g4 1-0

[Event "Lloyds Bank Masters 18th"]
[Site "London"]
[Date "1994.08.24"]
[Round "5"]
[White "Thipsay, Praveen Mahadeo"]
[Black "Britton, Richard"]
[Result "1-0"]
[WhiteElo "2505"]
[BlackElo "2295"]
[PlyCount "81"]
[EventDate "1994.08.20"]
[EventType "swiss"]
[EventRounds "10"]
[EventCountry "ENG"]
[SourceTitle "BritBase"]

1. e4 c5 2. Nf3 d6 3. d4 cxd4 4. Nxd4 Nf6 5. Nc3 a6 6. Be2 e5 7. Nb3 Be7 8. O-O
O-O 9. a4 Be6 10. f4 exf4 11. Bxf4 Nc6 12. Kh1 Rc8 13. Qe1 Ne5 14. Rd1 Nfd7 15.
Nd4 Re8 16. Nf5 Qb6 17. Bc1 Bf8 18. Qg3 g6 19. Ne3 Qb4 20. Rf4 Nb6 21. Ned5
Bxd5 22. exd5 Nbc4 23. b3 Bh6 24. Rxc4 Nxc4 25. Bxc4 Bxc1 26. Rxc1 f5 27. Rf1
Re5 28. Nd1 Rce8 29. c3 Qa3 30. h3 Qc1 31. Kh2 Qd2 32. Nf2 Rd8 33. Rd1 Qh6 34.
Rd3 Rde8 35. Rf3 Re3 36. Rxe3 Rxe3 37. Qxd6 Qg5 38. Nd3 Rxd3 39. Bxd3 f4 40.
Qe6+ Kg7 41. Bf1 1-0

[Event "Lloyds Bank Masters 18th"]
[Site "London"]
[Date "1994.08.24"]
[Round "5"]
[White "Walker, Mark I"]
[Black "Crouch, Colin S"]
[Result "0-1"]
[WhiteElo "2225"]
[BlackElo "2395"]
[PlyCount "74"]
[EventDate "1994.08.20"]
[EventType "swiss"]
[EventRounds "10"]
[EventCountry "ENG"]
[SourceTitle "BritBase"]

1. g3 e5 2. Bg2 Nc6 3. c4 g6 4. Nc3 Bg7 5. e3 d6 6. Nge2 Nge7 7. O-O Be6 8. Nd5
Nf5 9. d3 O-O 10. b3 Nb8 11. d4 c6 12. Ndc3 exd4 13. exd4 Na6 14. Rb1 Ne7 15.
Bf4 d5 16. c5 Qd7 17. b4 Bh3 18. b5 Bxg2 19. Kxg2 cxb5 20. Rxb5 Nc6 21. Qa4
Rfe8 22. Rfb1 Nd8 23. Qb3 Qf5 24. Rb2 Ne6 25. Be3 Rad8 26. Na4 h5 27. f3 Ng5
28. Bxg5 Qxg5 29. Rxb7 Re3 30. Qb5 h4 31. Ng1 hxg3 32. hxg3 Bxd4 33. Qxa6 Be5
34. Re2 Qxg3+ 35. Kf1 Bd4 36. Qa5 Rde8 37. Qc7 Rxf3+ 0-1

[Event "Lloyds Bank Masters 18th"]
[Site "London"]
[Date "1994.08.24"]
[Round "5"]
[White "Wilson, Jonathan"]
[Black "Mithrakanth, Poorna Sharma"]
[Result "1/2-1/2"]
[WhiteElo "2190"]
[BlackElo "2460"]
[PlyCount "101"]
[EventDate "1994.08.20"]
[EventType "swiss"]
[EventRounds "10"]
[EventCountry "ENG"]
[SourceTitle "BritBase"]

1. d4 Nf6 2. c4 e6 3. Nc3 Bb4 4. e3 O-O 5. Bd3 c5 6. Nge2 cxd4 7. exd4 d5 8.
O-O dxc4 9. Bxc4 Nbd7 10. a3 Be7 11. Qd3 Nb6 12. Ba2 Bd7 13. Bg5 Bc6 14. Rad1
Nbd5 15. Rfe1 Re8 16. Qh3 Nxc3 17. Nxc3 Nd5 18. Bc1 Nxc3 19. bxc3 Bf6 20. Bb1
g6 21. Bf4 Rc8 22. Be5 Bd5 23. Rd3 Bg7 24. Qg3 f5 25. Rde3 Bxe5 26. Rxe5 Qd7
27. h4 Rf8 28. h5 Qg7 29. hxg6 Qxg6 30. Qxg6+ hxg6 31. Rc1 Rc6 32. Bd3 Rfc8 33.
c4 Bxc4 34. Rxc4 Rxc4 35. Bxc4 Rxc4 36. Rxe6 Kf7 37. Rd6 Ra4 38. Rd7+ Ke6 39.
Rxb7 Rxa3 40. Rg7 Kf6 41. Rc7 a5 42. Rc6+ Kf7 43. Ra6 g5 44. g3 g4 45. Kg2 Ra2
46. d5 a4 47. Ra7+ Kf6 48. d6 a3 49. d7 Ke7 50. Kg1 Ra1+ 51. Kg2 1/2-1/2

[Event "Lloyds Bank Masters 18th"]
[Site "London"]
[Date "1994.08.25"]
[Round "6"]
[White "Barua, Dibyendu"]
[Black "Jonsson, Hans"]
[Result "1-0"]
[WhiteElo "2495"]
[BlackElo "2390"]
[PlyCount "95"]
[EventDate "1994.08.20"]
[EventType "swiss"]
[EventRounds "10"]
[EventCountry "ENG"]
[SourceTitle "BritBase"]

1. e4 c5 2. Nc3 Nc6 3. g3 g6 4. Bg2 Bg7 5. d3 d6 6. Be3 Rb8 7. Qd2 e6 8. Nd1 b5
9. f4 Nge7 10. Nf3 Nd4 11. Nh4 b4 12. O-O O-O 13. c3 bxc3 14. bxc3 Nb5 15. a4
Nc7 16. Qc2 Bd7 17. Nb2 Na6 18. Nc4 Qc7 19. Nf3 Nc6 20. Nfd2 Ne7 21. Rfc1 Bc6
22. Na3 Qd7 23. Nb5 d5 24. Rcb1 d4 25. cxd4 Bxb5 26. axb5 Bxd4 27. Bxd4 Qxd4+
28. Kh1 Nb4 29. Qc4 Qxd3 30. Qxd3 Nxd3 31. Rxa7 Nc8 32. Rc7 Nb6 33. e5 Rfc8 34.
Rc6 Nd5 35. Rxc8+ Rxc8 36. Nc4 Rb8 37. Nd6 c4 38. Bf1 Ne3 39. Nxc4 Nxf1 40. Kg1
Nxh2 41. Kxh2 g5 42. fxg5 Kg7 43. b6 Kg6 44. Rb5 Kxg5 45. b7 Nc5 46. Rxc5 Rxb7
47. Nd6 Rd7 48. Rc8 1-0